Highest capital cities of the world - Statistics

General Stats
  • This quiz has been taken 43 times
  • The average score is 11 of 20
Answer Stats
Meter above sea level Capital city % Correct
3640 La Paz
89%
2625 Bogota
83%
2850 Quito
83%
1400 Kathmandu
81%
2240 Mexico City
78%
1790 Kabul
72%
2648 Thimphu
67%
2355 Addis Ababa
64%
1350 Ulan Bator
50%
2325 Asmara
47%
1550 Lima
47%
1795 Nairobi
47%
1529 Guatemala City
44%
1673 Maseru
44%
1567 Kigali
42%
1483 Harare
36%
1271 Pretoria
33%
2250 Sanaa
28%
1288 Antananarivo
25%
1721 Windhoek
22%
No matching quizzes found
Score Distribution
Percent of People with Each Score
Percentile by Number Answered
Your Score History
You have not taken this quiz